000 00326 a2200145 4500
001 92116
082 _a891.4393 NIM
090 _c44080
_d44079
100 _aNimra Ahmad
245 _aPahari Ka Qaidi
250 _a1
260 _aLahore
_bIlm o Irfan Publishers
_c2014
300 _a70p.
_bHb
500 _aGeneral Book
942 _aCAE NUST
_k891.4393 NIM
999 _c327189
_d327189